Turkish diaspora - Statistics

General Stats
  • This quiz has been taken 1,347 times
  • The average score is 22 of 30
Answer Stats
Hint Answer % Correct
2 700 000 Germany
99%
250 000 United States
97%
53 000 United Kingdom
96%
460 000 France
94%
49 000 Greece
92%
59 000 Russia
92%
21 000 Italy
88%
41 000 Canada
87%
160 000 Austria
84%
28 000 Bulgaria
84%
373 000 Netherlands
84%
39 000 Belgium
82%
68 000 Sweden
82%
10 000 Iran
80%
15 000 Norway
79%
72 000 Switzerland
77%
70 000 Australia
76%
18 000 Azerbaijan
73%
115 000 Saudi Arabia
73%
57 000 Denmark
72%
5 800 Finland
72%
5 400 Ukraine
72%
20 000 Romania
70%
5 500 United Arab Emirates
65%
11 000 Israel
58%
7 000 Kazakhstan
54%
9 000 Lebanon
52%
9 500 Turkmenistan
45%
8 300 Jordan
43%
15 000 Libya
28%
No matching quizzes found
Score Distribution
Percent of People with Each Score
Percentile by Number Answered
Your Score History
You have not taken this quiz